000 00390nam a22001697a 4500
003 OSt
008 210710b ||||| |||| 00| 0 eng d
020 _a9788193043707
082 _a541.2242 KUC
100 _aKUMAR, Ajai
245 _aCoordination Chemistry
250 _a7th
260 _aNew Delhi
_bAaryush Edu.
_c2021
300 _aMISC
650 _aApplied Sc.
942 _2ddc
_cBK
999 _c10710
_d10710